000
00258nam a2200085Ia 4500
008
120527s9999 xx 000 0 und d
100
_a
BPP Proffessional Educat.
245
_a
Foundation units 22 and 23 health and safely and personal effectiveness
942
_c
BK
999
_c
25785
_d
25785